00561nam a22001937a 450000500170000001000110001702000100002803500110003803700160004904000120006508200130007711000650009024500450015526000720020027000090027230000240028165000340030565000280033920170124110246.0 a314216 c00.00 a314216 bCen Lib/Ret aDPLbEN a630bSTA aRome.Food and Agriculture Organization of the United Nations aThe state of food and agriculture 1964 / bFood and Agriculture Organization of the United NationsaRomec1964 bRome aix,240p. c25cm(Hb) aFood supplies and consumption aAgricultural production